L'industrie sidérurgique en 1986= The iron and steel industry in 1986

Na minha lista:
Detalhes bibliográficos
Formato: Livro
Idioma:Undetermined
Publicado em: Paris OECD 1987
Assuntos:
Tags: Adicionar Tag
Sem tags, seja o primeiro a adicionar uma tag!
Thư viện lưu trữ: Trung tâm Học liệu Trường Đại học Cần Thơ
LEADER 00461nam a2200169Ia 4500
001 CTU_107352
008 210402s9999 xx 000 0 und d
082 |a 672 
082 |b I.42 
245 0 |a L'industrie sidérurgique en 1986= 
245 4 |b The iron and steel industry in 1986 
260 |a Paris 
260 |b OECD 
260 |c 1987 
650 |a Steel industry and trade 
904 |i Tuyến 
980 |a Trung tâm Học liệu Trường Đại học Cần Thơ